Sostenibilidad y participación en la constitución.
Gorde:
| Beste egile batzuk: | , |
|---|---|
| Formatua: | Liburua |
| Argitaratua: |
Santiago, Chile:
Ediciones El Mercurio,
2022.
|
| Gaiak: | |
| Etiketak: |
Etiketa erantsi
Etiketarik gabe, Izan zaitez lehena erregistro honi etiketa jartzen!
|
MARC
| LEADER | 00000nam a22000007a 4500 | ||
|---|---|---|---|
| 003 | CL-VaPUC | ||
| 005 | 20250423160735.0 | ||
| 008 | 230801t2022 ||||| |||| 00| 0 eng d | ||
| 999 | |c 441482 |d 441480 | ||
| 020 | |a 978-956-9986-86-4 | ||
| 040 | |c Pontificia Universidad Católica de Valparaíso | ||
| 082 | 0 | 4 | |2 22 |a 342.83023 ARA 2022 |
| 100 | 1 | |a Arancibia Mattar, Jaime |9 540669 |e editor | |
| 245 | 1 | 0 | |a Sostenibilidad y participación en la constitución. |
| 260 | |a Santiago, Chile: |b Ediciones El Mercurio, |c 2022. | ||
| 300 | |a 346 páginas. | ||
| 500 | |a c.1. Donación Biblioteca Derecho. Memo DER 024/2023 | ||
| 583 | |c 20230801 |k Catalogador Asistente | ||
| 650 | 1 | 0 | |a Constitución política de Chile |x Medio ambiente |x Participación |9 890575 |
| 650 | 1 | 0 | |a Derecho constitucional chileno |9 478271 |
| 700 | |a Claro Edwards, Sebastián |9 574453 |e editor | ||
| 942 | |2 ddc |c BK | ||
| 952 | |0 0 |1 0 |2 ddc |4 0 |6 342_830230000000000_ARA_2022 |7 0 |8 A |9 591088 |a BIBDER |b BIBDER |d 2023-08-01 |e Donación |i 5658286 |o 342.83023 ARA 2022 |p 5658286 |r 2023-08-01 |t 1 |w 2023-08-01 |y BK |k DER | ||